Three mughal poets : (Record no. 130063)

MARC details
000 -LEADER
fixed length control field 00787nam a22002417a 4500
005 - DATE AND TIME OF LATEST TRANSACTION
control field 20170124110106.0
010 ## - LIBRARY OF CONGRESS CONTROL NUMBER
LC control number 548377
020 ## - INTERNATIONAL STANDARD BOOK NUMBER
Terms of availability 00.00
International Standard Book Number 048910333
035 ## - SYSTEM CONTROL NUMBER
System control number 548377
037 ## - SOURCE OF ACQUISITION
Source of stock number/acquisition Cen Lib/Ret
040 ## - CATALOGING SOURCE
Original cataloging agency DPL
Language of cataloging EN
082 ## - DEWEY DECIMAL CLASSIFICATION NUMBER
Classification number 920
Item number RUS
100 ## - MAIN ENTRY--PERSONAL NAME
Personal name Russell, Ralph
9 (RLIN) 23606
245 ## - TITLE STATEMENT
Title Three mughal poets :
Statement of responsibility, etc by Ralph Russell [and] Khurshidul Islam
Remainder of title Mir Sauda, Mir Hasan /
260 ## - PUBLICATION, DISTRIBUTION, ETC. (IMPRINT)
Place of publication, distribution, etc London
Name of publisher, distributor, etc George Allen And Unwin
Date of publication, distribution, etc 1969
270 ## - ADDRESS
Address Ruksin House Museum Street
City London
300 ## - PHYSICAL DESCRIPTION
Extent xiii,290p.
Dimensions 20cm(Hb)
500 ## - GENERAL NOTE
General note Includes bibliographical reference and index
650 ## - SUBJECT ADDED ENTRY--TOPICAL TERM
Topical term or geographic name as entry element Urdu poetry
9 (RLIN) 104413
650 ## - SUBJECT ADDED ENTRY--TOPICAL TERM
Topical term or geographic name as entry element Saudā, Mirzā Muḥammad Rafiʻ, 1713-1781
9 (RLIN) 104414
700 ## - ADDED ENTRY--PERSONAL NAME
Personal name Khurshidul Islam
9 (RLIN) 104415
942 ## - ADDED ENTRY ELEMENTS (KOHA)
Source of classification or shelving scheme Dewey Decimal Classification
Koha item type English Books
Classification part 920
Call number suffix RUS
Holdings
Withdrawn status Lost status Damaged status Not for loan Home library Current library Date acquired Source of acquisition Cost, normal purchase price Total Checkouts Full call number Barcode Date last seen Copy number Cost, replacement price Price effective from Koha item type
        Central Library Central Library 08/07/2015 Cen Lib/Ret 0.00   920 RUS 548377 08/07/2015 1 0.00 08/07/2015 English Books

© Delhi Public Library
Hit Counter
free hit counter